Statistics for FIFA 23 TOTW 22

Click here to take the quiz!

General Stats

  • This quiz has been taken 3 times
  • The average score is 7 of 23

Answer Stats

ratposclubplayer% Correct
TOTW Starter92STAl-NassrCristiano Ronaldo
100%
TOTW Starter85CBLiverpoolIbrahima Konaté
100%
TOTW Reserve88STInter MilanRomelu Lukaku
100%
TOTW Starter91STTottenham HotspurSon Heung-Min
100%
TOTW Starter85LBChelseaBen Chilwell
67%
TOTW Starter89RWRB LeipzigDani Olmo
67%
TOTW Starter88CAMReal MadridFederico Valverde
67%
TOTW Starter85CAMChelseaChristian Pulisic
33%
TOTW Starter87CDMPSV EindhovenIbrahim Sangaré
33%
TOTW Reserve84CMManchester UnitedMarcel Sabitzer
33%
TOTW Starter86CMAC MilanRade Krunić
33%
TOTW Reserve82CMSampdoriaAbdelhamid Sabiri
0%
TOTW Reserve81CMFC St. PauliJackson Irvine
0%
TOTW Reserve80LMOud-Heverlee LeuvenJón Dagur Þorsteinsson
0%
TOTW Reserve85CMSeattle SoundersJordan Morris
0%
TOTW Reserve83CBSparta PrahaLadislav Krejčí
0%
TOTW Reserve80STUS Quevilly-Rouen MétropoleLouis Mafouta
0%
TOTW Reserve77GKNewport CountyNick Townsend
0%
TOTW Reserve85STWerder BremenNiclas Füllkrug
0%
TOTW Starter85GKWellington PhoenixOliver Sail
0%
TOTW Reserve80STAtalantaRasmus Højlund
0%
TOTW Reserve83LMFC LuganoRenato Steffen
0%
TOTW Starter86RBReal BetisYoussouf Sabaly
0%

Score Distribution

Percentile by Number Answered

Percent of People with Each Score

Your Score History

You have not taken this quiz